[Event "Amapa-ch 14th"]
[Site "Macapa"]
[Date "2019.12.29"]
[Round "9"]
[White "Dos Passos, Edinaldo Pincanco"]
[Black "De Souza Monteiro, Marcos Paulo"]
[Result "0-1"]
[WhiteElo "1633"]
[BlackElo "1966"]
[PlyCount "60"]
[EventDate "2019.12.20"]
[EventType "tourn"]
[EventRounds "10"]
[EventCountry "BRA"]
[SourceTitle "EXT 2021"]
[Source "ChessBase"]
[SourceDate "2020.10.23"]
[SourceVersion "1"]
[SourceVersionDate "2020.10.23"]
[SourceQuality "1"]

1. d4 Nf6 2. Bg5 d6 3. Bxf6 gxf6 4. e3 Nd7 5. Bd3 Bg7 6. Nd2 Nf8 7. Qh5 c6 8. 0-0-0 b5 9. Kb1 a5 10. f4 a4 11. a3 Ra5 12. Qe2 f5 13. c3 Ng6 14. Qh5 Bd7 15. Ngf3 e6 16. h3 Qf6 17. g4 0-0 18. Rdg1 Rb8 19. gxf5 exf5 20. Rg3 c5 21. Rhg1 b4 22. Kc2 bxc3 23. bxc3 Qe6 24. Bc4 d5 25. Ng5 Qe7 26. Qxh7+ Kf8 27. Bxd5 cxd4 28. Bxf7 d3+ 29. Kd1 Qxa3 30. Qg8+ Ke7 0-1

[Event "Amapa-ch 14th"]
[Site "Macapa"]
[Date "2019.12.28"]
[Round "8"]
[White "Del Aguila, Victor Montero"]
[Black "Dos Passos, Edinaldo Pincanco"]
[Result "1-0"]
[WhiteElo "1752"]
[BlackElo "1633"]
[PlyCount "55"]
[EventDate "2019.12.20"]
[EventType "tourn"]
[EventRounds "10"]
[EventCountry "BRA"]
[SourceTitle "EXT 2021"]
[Source "ChessBase"]
[SourceDate "2020.10.23"]
[SourceVersion "1"]
[SourceVersionDate "2020.10.23"]
[SourceQuality "1"]

1. d4 e6 2. c4 f5 3. Nc3 c6 4. e4 fxe4 5. Nxe4 Nf6 6. Bd3 d5 7. Nxf6+ Qxf6 8. Nf3 Bb4+ 9. Bd2 Bxd2+ 10. Qxd2 Nd7 11. 0-0 0-0 12. Rad1 Re8 13. Rc1 Nf8 14. Rfe1 Ng6 15. Bc2 Nf8 16. Re5 Re7 17. Re3 Bd7 18. Ng5 g6 19. Rf3 Qg7 20. h4 Be8 21. Qe2 Bd7 22. Rg3 Rae8 23. h5 h6 24. Nh3 Kh8 25. Bxg6 Nxg6 26. Rxg6 Qf8 27. Qe3 Rh7 28. Nf4 1-0

[Event "Amapa-ch 14th"]
[Site "Macapa"]
[Date "2019.12.28"]
[Round "7"]
[White "Dos Passos, Edinaldo Pincanco"]
[Black "Cohen Farias, Paulo"]
[Result "0-1"]
[WhiteElo "1633"]
[BlackElo "2101"]
[PlyCount "76"]
[EventDate "2019.12.20"]
[EventType "tourn"]
[EventRounds "10"]
[EventCountry "BRA"]
[SourceTitle "EXT 2021"]
[Source "ChessBase"]
[SourceDate "2020.10.23"]
[SourceVersion "1"]
[SourceVersionDate "2020.10.23"]
[SourceQuality "1"]

1. e4 c5 2. Nf3 Nc6 3. g3 d6 4. Bg2 Nf6 5. d3 g6 6. 0-0 Bg7 7. Nbd2 0-0 8. Re1 e5 9. Nf1 h6 10. h4 Bg4 11. N1h2 Be6 12. Be3 Qd7 13. c3 Ng4 14. Nxg4 Bxg4 15. Qd2 Kh7 16. Nh2 Be6 17. d4 cxd4 18. cxd4 Nxd4 19. Bxd4 exd4 20. f4 Qb5 21. Nf3 Qb6 22. Kh2 Rac8 23. Red1 Bg4 24. Rac1 Rc6 25. Rc2 Rfc8 26. Rdc1 Rc5 27. Ne1 Qc7 28. Rxc5 dxc5 29. e5 Be6 30. b3 Qd7 31. Qd3 b5 32. Nf3 Bf5 33. Qd1 Bf8 34. Nd2 Be7 35. Ne4 c4 36. h5 d3 37. Qd2 Qd4 38. hxg6+ fxg6 0-1

[Event "Amapa-ch 14th"]
[Site "Macapa"]
[Date "2019.12.21"]
[Round "3"]
[White "Dos Passos, Edinaldo Pincanco"]
[Black "Del Aguila, Victor Montero"]
[Result "1/2-1/2"]
[WhiteElo "1633"]
[BlackElo "1752"]
[PlyCount "61"]
[EventDate "2019.12.20"]
[EventType "tourn"]
[EventRounds "10"]
[EventCountry "BRA"]
[SourceTitle "EXT 2021"]
[Source "ChessBase"]
[SourceDate "2020.10.23"]
[SourceVersion "1"]
[SourceVersionDate "2020.10.23"]
[SourceQuality "1"]

1. e4 c5 2. Nf3 e6 3. d3 Nc6 4. g3 d5 5. Nbd2 Nf6 6. Bg2 dxe4 7. dxe4 Qc7 8. 0-0 Be7 9. Re1 0-0 10. c3 e5 11. Qe2 Re8 12. Nf1 h6 13. h4 Be6 14. N3h2 Rad8 15. Ne3 a6 16. Nhg4 Nxg4 17. Nxg4 Qc8 18. Ne3 Bf8 19. h5 b5 20. Qf3 c4 21. Nf5 Ne7 22. Bh3 Rd3 23. Qg4 Kh7 24. Be3 g6 25. hxg6+ fxg6 26. Nxe7 Rxe7 27. Qh4 Bxh3 28. Bxh6 Kg8 29. Bxf8 Kxf8 30. Qh8+ Kf7 31. Qh7+ 1/2-1/2

[Event "Macapa Platon Memorial"]
[Site "Macapa"]
[Date "2019.11.16"]
[Round "3"]
[White "Dos Passos, Edinaldo Pincanco"]
[Black "Quaresma, Givanildo Ribeiro"]
[Result "0-1"]
[WhiteElo "1663"]
[BlackElo "1643"]
[PlyCount "62"]
[EventDate "2019.11.15"]
[EventType "swiss"]
[EventRounds "5"]
[EventCountry "BRA"]
[SourceTitle "EXT 2021"]
[Source "ChessBase"]
[SourceDate "2020.10.23"]
[SourceVersion "1"]
[SourceVersionDate "2020.10.23"]
[SourceQuality "1"]

1. Nf3 Nf6 2. g3 Nc6 3. Bg2 e5 4. d3 Bc5 5. 0-0 d5 6. Nbd2 Be6 7. a3 Qd7 8. b4 Be7 9. Re1 e4 10. Ng5 Bg4 11. dxe4 h6 12. exd5 Nxd5 13. Nb3 hxg5 14. Qxd5 0-0-0 15. Qxd7+ Bxd7 16. e4 Bf6 17. Rb1 Bg4 18. Bb2 Ne5 19. Re3 Rh5 20. f3 Be6 21. Nc5 Ba2 22. Rbe1 Rdh8 23. h3 Nc4 24. Bxf6 Nxe3 25. Rxe3 gxf6 26. g4 R5h7 27. Kh2 Bc4 28. Nd3 b6 29. Nb2 Ba6 30. Nd1 Rd8 31. Rc3 Rxd1 0-1

[Event "Macapa Franco Memorial 7th"]
[Site "Macapa"]
[Date "2019.09.13"]
[Round "2"]
[White "Dos Passos, Edinaldo Pincanco"]
[Black "Uchoa, Iranilson Pinheiro"]
[Result "0-1"]
[WhiteElo "1678"]
[BlackElo "1802"]
[PlyCount "56"]
[EventDate "2019.09.13"]
[EventType "swiss"]
[EventRounds "6"]
[EventCountry "BRA"]
[SourceTitle "EXT 2020"]
[Source "ChessBase"]
[SourceDate "2019.10.17"]
[SourceVersion "1"]
[SourceVersionDate "2019.10.17"]
[SourceQuality "1"]

1. e4 b6 2. Nf3 Bb7 3. d3 e6 4. g3 d5 5. Nbd2 dxe4 6. dxe4 Be7 7. Bg2 Nf6 8. Qe2 Nbd7 9. 0-0 Nc5 10. Ng5 h6 11. Nh3 Ba6 12. c4 Bb7 13. Nf4 g5 14. Nh5 Qd3 15. Nxf6+ Bxf6 16. Qxd3 Nxd3 17. Rb1 0-0-0 18. Nb3 Ba6 19. Rd1 Bxc4 20. Nd2 Ba6 21. b3 Bd4 22. Bf1 Kb7 23. Nf3 Bxf2+ 24. Kg2 Bc5 25. Bd2 Nf2 26. Bxa6+ Kxa6 27. Bc3 Nxd1 28. Bxh8 Ne3+ 0-1

[Event "Florianopolis op 5th"]
[Site "Florianopolis"]
[Date "2019.01.23"]
[Round "4"]
[White "Sato, Luiz Henrique Yuzo"]
[Black "Dos Passos, Edinaldo Pincanco"]
[Result "0-1"]
[WhiteElo "1425"]
[BlackElo "1710"]
[PlyCount "68"]
[EventDate "2019.01.21"]
[EventType "swiss"]
[EventRounds "10"]
[EventCountry "BRA"]
[SourceTitle "CBM 188 Extra"]
[Source "ChessBase"]
[SourceDate "2019.02.28"]
[SourceVersion "1"]
[SourceVersionDate "2019.02.28"]
[SourceQuality "1"]

1. d4 Nf6 2. Nf3 d5 3. Bf4 Nc6 4. e3 Bg4 5. c3 e6 6. Bd3 Bd6 7. Bxd6 Qxd6 8. Nbd2 0-0-0 9. e4 dxe4 10. Nxe4 Nxe4 11. Bxe4 e5 12. h3 Bxf3 13. Qxf3 exd4 14. 0-0-0 Qc5 15. Qg4+ Kb8 16. Qxg7 f6 17. Bxc6 Qxc6 18. Rxd4 Rdg8 19. Rhd1 a6 20. Qe7 Qxg2 21. Qxf6 Qxh3 22. Rd8+ Rxd8 23. Rxd8+ Rxd8 24. Qxd8+ Ka7 25. Qxc7 Qf1+ 26. Kc2 Qxf2+ 27. Kb3 h5 28. Qd7 h4 29. Ka4 Qf3 30. b4 Qxc3 31. b5 axb5+ 32. Qxb5 Qc6 33. Kb4 Qxb5+ 34. Kxb5 h3 0-1

[Event "Florianopolis op 5th"]
[Site "Florianopolis"]
[Date "2019.01.22"]
[Round "2"]
[White "Oliveira, Debora Goncalves"]
[Black "Dos Passos, Edinaldo Pincanco"]
[Result "1-0"]
[WhiteElo "1332"]
[BlackElo "1710"]
[PlyCount "67"]
[EventDate "2019.01.21"]
[EventType "swiss"]
[EventRounds "10"]
[EventCountry "BRA"]
[SourceTitle "CBM 188 Extra"]
[Source "ChessBase"]
[SourceDate "2019.02.28"]
[SourceVersion "1"]
[SourceVersionDate "2019.02.28"]
[SourceQuality "1"]

1. d4 d5 2. c4 Nc6 3. Nf3 Bg4 4. e3 e5 5. Be2 Bb4+ 6. Nc3 dxc4 7. d5 Bxf3 8. Bxf3 Nce7 9. Qa4+ Qd7 10. Qxb4 Rb8 11. Qxc4 Nf6 12. Qb5 0-0 13. Qxd7 Nxd7 14. 0-0 f5 15. e4 a6 16. exf5 Nxf5 17. b3 Nd4 18. Bg4 Nf6 19. Bh3 b5 20. Bb2 Rbe8 21. Ba3 Rf7 22. Rad1 Nd7 23. Bxd7 Rxd7 24. Rd2 a5 25. Bc5 Nf5 26. Nxb5 c6 27. Nc3 cxd5 28. Nxd5 Kf7 29. Rfd1 Red8 30. Bb6 Rc8 31. Bxa5 Nd4 32. Nb6 Ne2+ 33. Kf1 Rxd2 34. Bxd2 1-0

[Event "Macapa Oiapoque Amapa 1st"]
[Site "Macapa"]
[Date "2018.09.30"]
[Round "6.1"]
[White "Dos Passos, Edinaldo Pincanco"]
[Black "Cohen Farias, Paulo"]
[Result "0-1"]
[WhiteElo "1644"]
[BlackElo "2131"]
[PlyCount "58"]
[EventDate "2018.09.28"]
[EventType "swiss"]
[EventRounds "6"]
[EventCountry "BRA"]
[SourceTitle "EXT 2022"]
[Source "ChessBase"]
[SourceDate "2021.10.06"]
[SourceVersion "1"]
[SourceVersionDate "2021.10.06"]
[SourceQuality "1"]

1. Nf3 c5 2. e4 d6 3. d3 Nf6 4. g3 Bg4 5. Bg2 Qd7 6. Bg5 Nc6 7. Nbd2 Bh3 8. Bxh3 Qxh3 9. Bxf6 gxf6 10. Qe2 Bg7 11. c3 e6 12. 0-0-0 0-0-0 13. Nh4 h5 14. f4 d5 15. Nhf3 Qg4 16. h3 Qg6 17. f5 Qh7 18. fxe6 fxe6 19. Rhf1 Bh6 20. Kb1 Rhe8 21. Nh4 Bg5 22. Ndf3 c4 23. e5 Bxh4 24. Nxh4 cxd3 25. Qf2 fxe5 26. b4 d4 27. Qd2 e4 28. Rf6 e3 29. Qxd3 e2 0-1